عرض عادي
عرض مارك
- Terrorism
دخول Topical Term
001 - CONTROL NUMBER
- control field: 28341
003 - CONTROL NUMBER IDENTIFIER
- control field: AE-AdECS
005 - DATE AND TIME OF LATEST TRANSACTION
- control field: 20260406102506.0
008 - FIXED-LENGTH DATA ELEMENTS
- fixed length control field: 260406|| aca||aabn | a|a d
040 ## - CATALOGING SOURCE
- Original cataloging agency: AE-AdECS
- Transcribing agency: AE-AdECS
150 ## - HEADING--TOPICAL TERM
- Topical term or geographic name entry element: Terrorism
- Geographic subdivision: Somalia
- General subdivision: Prevention
670 ## - SOURCE DATA FOUND
- Source citation: Work cat.: (AE-AdECS)294657: Alblooshi, Kalthoum, author 28319, Adapting Counterterrorism Frameworks Comparative Analysis of the AMISOM and ATMIS missions in Somalia from 2007 to 2024 /
